[Event "London Classic - FIDE Open"]
[Site "Olympia"]
[Date "2009.12.09"]
[Round "2.37"]
[White "Millward, Kevin P"]
[Black "Rowe, Duane"]
[Result "0-1"]
[WhiteElo "1942"]
[BlackElo "2194"]
[PlyCount "78"]
[EventDate "2009.??.??"]

1. e4 c5 2. Nc3 Nc6 3. d3 g6 4. g3 Bg7 5. Bg2 e6 6. Be3 Nd4 7. Qd2 Ne7 8. Nd1
e5 9. c3 Ne6 10. Bh6 O-O 11. Nf3 d6 12. h4 f6 13. Bxg7 Kxg7 14. h5 g5 15. Bh3
Nc7 16. Ne3 Bxh3 17. Rxh3 Qd7 18. h6+ Kh8 19. Rh5 d5 20. exd5 Ncxd5 21. O-O-O
Rad8 22. Kb1 Qe8 23. Rhh1 Qg6 24. Qc2 Nxe3 25. fxe3 Nf5 26. d4 cxd4 27. exd4
exd4 28. Nxd4 Nxg3 29. Qxg6 hxg6 30. Rhg1 Nf5 31. Nxf5 gxf5 32. Kc2 Rxd1 33.
Rxd1 Rf7 34. Rf1 f4 35. Kd3 Re7 36. b4 Kh7 37. Rh1 g4 38. Rf1 f3 39. c4 Kxh6
0-1

[Event "London Classic - FIDE Open"]
[Site "Olympia"]
[Date "2009.12.09"]
[Round "2.38"]
[White "Yeo, Michael J"]
[Black "Golebiowski, Adam"]
[Result "1-0"]
[WhiteElo "2153"]
[BlackElo "1925"]
[PlyCount "45"]
[EventDate "2009.??.??"]

1. e4 e6 2. d4 d5 3. Nc3 dxe4 4. Nxe4 Bd7 5. Nf3 Bc6 6. Bd3 Nd7 7. O-O Ngf6 8.
Ned2 Be7 9. Nc4 Bxf3 10. Qxf3 c6 11. c3 Nb6 12. Ne5 Qd5 13. Qe2 O-O 14. Rd1
Rfe8 15. Bg5 h6 16. Bh4 Nfd7 17. Bg3 Nxe5 18. dxe5 Qc5 19. Rac1 a5 20. h4 f5
21. exf6 Bxf6 22. Bd6 Qd5 23. c4 1-0

[Event "London Classic - FIDE Open"]
[Site "Olympia"]
[Date "2009.12.09"]
[Round "2.39"]
[White "Player, Edmund C"]
[Black "Campbell, Eoin"]
[Result "1/2-1/2"]
[WhiteElo "2149"]
[BlackElo "1910"]
[PlyCount "181"]
[EventDate "2009.??.??"]

1. e4 d6 2. d4 Nf6 3. Nc3 g6 4. Nf3 Bg7 5. Be3 O-O 6. h3 c6 7. Qd2 b5 8. Bd3
Bb7 9. Bh6 Qa5 10. Kf1 e5 11. dxe5 dxe5 12. Bxg7 Kxg7 13. Nxe5 b4 14. Nc4 Qd8
15. Ne2 c5 16. Ng3 Re8 17. Re1 Nc6 18. Qg5 Nd4 19. e5 Ng8 20. Qxd8 Raxd8 21. f4
Ba6 22. b3 Bxc4 23. bxc4 f6 24. exf6+ Nxf6 25. Kf2 Nxc2 26. Rxe8 Nxe8 27. Rd1
Na3 28. Ke2 Nd6 29. Rc1 a5 30. Nf1 Nf5 31. Bxf5 gxf5 32. Ne3 a4 33. Rd1 Rb8 34.
Rd2 Nb1 35. Nxf5+ Kf6 36. Rd6+ Kxf5 37. Kf3 Nd2+ 38. Rxd2 Ke6 39. Ke4 b3 40.
axb3 Rxb3 41. f5+ Ke7 42. Rd3 Rb2 43. g4 Ra2 44. Kd5 a3 45. Kxc5 Ra1 46. Kb4 a2
47. Kb3 Rc1 48. Kxa2 Rxc4 49. Kb3 Rf4 50. Kc3 h5 51. Rg3 hxg4 52. hxg4 Kf6 53.
Kd2 Kg5 54. Ke3 Ra4 55. Kf3 Ra3+ 56. Kg2 Ra2+ 57. Kh3 Ra4 58. Rg2 Ra3+ 59. Kh2
Ra4 60. Kg1 Ra1+ 61. Kh2 Ra4 62. Kh3 Ra3+ 63. Rg3 Ra4 64. f6 Kxf6 65. Rb3 Ra6
66. Rb8 Kg7 67. Kh4 Rc6 68. Kh5 Re6 69. g5 Rc6 70. Rb7+ Kg8 71. Re7 Ra6 72. Re5
Rc6 73. Kg4 Ra6 74. Kf5 Rb6 75. Ra5 Rc6 76. Ra8+ Kg7 77. Rb8 Rb6 78. Kg4 Rc6
79. Kh5 Ra6 80. Rd8 Rc6 81. Rd7+ Kg8 82. Rd4 Ra6 83. g6 Ra1 84. Rf4 Rc1 85. Kg5
Kg7 86. Rf7+ Kg8 87. Rf2 Kg7 88. Rf7+ Kg8 89. Kf6 Rf1+ 90. Ke6 Rxf7 91. gxf7+
1/2-1/2

[Event "London Classic - FIDE Open"]
[Site "Olympia"]
[Date "2009.12.09"]
[Round "2.40"]
[White "Casiot, David J"]
[Black "Cork, David J"]
[Result "1-0"]
[WhiteElo "2143"]
[BlackElo "1882"]
[PlyCount "71"]
[EventDate "2009.??.??"]

1. e4 c5 2. Nf3 d6 3. c3 Nf6 4. Bd3 Nc6 5. O-O g6 6. Re1 Bg7 7. Bc2 O-O 8. d4
e5 9. d5 Ne7 10. Na3 Nh5 11. Nc4 b5 12. Ne3 Nf4 13. a4 f5 14. axb5 fxe4 15.
Bxe4 Nf5 16. Nf1 Nh4 17. Nxh4 Qxh4 18. Ng3 Bg4 19. Qc2 Rf7 20. Ra6 Raf8 21. Be3
Bh6 22. Rxd6 Nh3+ 23. gxh3 Bxe3 24. fxe3 Rf2 25. Qxf2 Rxf2 26. Kxf2 Bxh3 27.
Kg1 Qe7 28. Rc6 h5 29. Rxg6+ Kf7 30. Rh6 Qg5 31. Rxh5 Qg4 32. Rxe5 Qd7 33. c4
Qc7 34. Rh5 Qa5 35. Re2 Bg4 36. Rf2+ 1-0

[Event "London Classic - FIDE Open"]
[Site "Olympia"]
[Date "2009.12.09"]
[Round "2.41"]
[White "Roberts, David L"]
[Black "Tenioso, Jaydee"]
[Result "1-0"]
[WhiteElo "2119"]
[BlackElo "1861"]
[PlyCount "35"]
[EventDate "2009.??.??"]

1. e4 d5 2. exd5 Nf6 3. Nf3 Bg4 4. Bb5+ Nbd7 5. c4 a6 6. Ba4 b5 7. cxb5 Nxd5 8.
Nc3 Nf4 9. O-O Qb8 10. d4 g5 11. Re1 Rg8 12. Re3 f6 13. Qb3 Rg6 14. bxa6 Qxb3
15. axb3 Kf7 16. Bc6 Rxa6 17. Rxa6 f5 18. Bb5 1-0

[Event "London Classic - FIDE Open"]
[Site "Olympia"]
[Date "2009.12.09"]
[Round "2.42"]
[White "De Lagontrie, Jean"]
[Black "Gregory, Philip J"]
[Result "1/2-1/2"]
[WhiteElo "1855"]
[BlackElo "2110"]
[PlyCount "155"]
[EventDate "2009.??.??"]

1. d4 d5 2. c4 c6 3. Nf3 Nf6 4. Nc3 dxc4 5. a4 Bf5 6. e3 e6 7. Bxc4 Bb4 8. O-O
O-O 9. Qe2 Bg6 10. Rd1 Nbd7 11. Ne5 Qa5 12. Nxg6 hxg6 13. Bd2 Rad8 14. e4 e5
15. d5 Nb6 16. Bb3 cxd5 17. exd5 Rfe8 18. Rac1 Re7 19. Bg5 Bxc3 20. Rxc3 Nxa4
21. Bxa4 Qxa4 22. Ra3 Qb4 23. Rxa7 Red7 24. h3 Kh7 25. Qxe5 Rxd5 26. Rxd5 Rxd5
27. Qe3 Qxb2 28. Ra4 Qe5 29. Rh4+ Kg8 30. Qxe5 Rxe5 31. Be3 Re4 32. Rxe4 Nxe4
33. f3 Nc3 34. Kf1 f6 35. Ke1 Kf7 36. Bd2 Nd5 37. Ke2 g5 38. g3 Ke6 39. Kd3 Ke5
40. Kc4 Ne7 41. Be3 Nf5 42. Bf2 b5+ 43. Kxb5 Nd4+ 44. Kc4 Nxf3 45. Kd3 Kf5 46.
Kc3 g4 47. h4 Ke5 48. Kd3 Kd5 49. Be3 Ne5+ 50. Ke2 Ke4 51. Bc5 g6 52. Be7 Nd7
53. Bd6 Nb6 54. Bc7 Nd5 55. Bb8 Nc3+ 56. Kf2 Kd3 57. Bc7 Ne4+ 58. Kg2 Ke2 59.
Bd8 f5 60. Bc7 Nd2 61. Bf4 Nf1 62. Kg1 Ne3 63. Bg5 Kf3 64. Bf4 Nd5 65. Bd6 Nc3
66. Kh2 Ne2 67. Bc7 f4 68. gxf4 g3+ 69. Kh3 g2 70. Bb6 Nxf4+ 71. Kh2 Ne2 72. h5
gxh5 73. Ba7 h4 74. Bb6 Ng3 75. Ba7 Ne4 76. Bb6 Nf6 77. Bg1 Ne4 78. Bb6 1/2-1/2

[Event "London Classic - FIDE Open"]
[Site "Olympia"]
[Date "2009.12.09"]
[Round "2.43"]
[White "Sara, Valerio"]
[Black "Reutimann, Hans Peter"]
[Result "1-0"]
[WhiteElo "2072"]
[BlackElo "1853"]
[PlyCount "77"]
[EventDate "2009.??.??"]

1. d4 e6 2. c4 Nf6 3. Nf3 d5 4. Nc3 Be7 5. Bg5 c6 6. e3 h6 7. Bh4 Nh7 8. Bg3 f5
9. Ne5 O-O 10. Bd3 Nd7 11. Qc2 Ndf6 12. cxd5 Nxd5 13. a3 Nhf6 14. Ng6 Rf7 15.
O-O Nh5 16. Nxe7+ Qxe7 17. Be5 Nhf6 18. Rac1 Ng4 19. Nxd5 exd5 20. Bg3 h5 21.
h3 Nh6 22. b4 Bd7 23. a4 Rc8 24. Qb3 h4 25. Be5 g5 26. b5 g4 27. bxc6 Bxc6 28.
Kh2 Rcf8 29. a5 gxh3 30. gxh3 Ng4+ 31. hxg4 fxg4 32. f4 g3+ 33. Kg2 Bd7 34. Qd1
Qe6 35. Rh1 Qh6 36. Qf3 Bf5 37. Bxf5 Rxf5 38. Qg4+ Kh7 39. Rxh4 1-0

[Event "London Classic - FIDE Open"]
[Site "Olympia"]
[Date "2009.12.09"]
[Round "2.45"]
[White "Burnham, Frank"]
[Black "Cannon, Raymond C"]
[Result "1/2-1/2"]
[WhiteElo "1812"]
[BlackElo "2067"]
[PlyCount "53"]
[EventDate "2009.??.??"]

1. e4 d6 2. Bc4 Nf6 3. d3 c6 4. Nc3 d5 5. exd5 cxd5 6. Bb5+ Nc6 7. d4 Bg4 8.
Nf3 e6 9. O-O Bd6 10. h3 Bh5 11. Bg5 h6 12. Be3 g5 13. g4 Nxg4 14. hxg4 Bxg4
15. Be2 Bh3 16. Re1 g4 17. Ne5 Qf6 18. Bb5 O-O-O 19. Bxc6 bxc6 20. Nxc6 Rdg8
21. Qe2 Qf3 22. Qa6+ Kd7 23. Qb7+ Bc7 24. Ne5+ Kd8 25. Nc6+ Kd7 26. Ne5+ Kd8
27. Nc6+ 1/2-1/2

[Event "London Classic - FIDE Open"]
[Site "Olympia"]
[Date "2009.12.09"]
[Round "2.47"]
[White "Clarke, Brandon G I"]
[Black "Gandolfi, Gianfranco"]
[Result "1-0"]
[WhiteElo "2056"]
[BlackElo "1830"]
[PlyCount "51"]
[EventDate "2009.??.??"]

1. e4 e5 2. Nf3 Nc6 3. Bb5 a6 4. Ba4 Nf6 5. O-O Be7 6. Re1 b5 7. Bb3 O-O 8. c3
d6 9. h3 Nd7 10. d4 exd4 11. cxd4 Bf6 12. Nc3 Nb6 13. Qd3 g6 14. Bh6 Re8 15.
Nd5 Nxd5 16. Bxd5 Bb7 17. Qc3 Qd7 18. Rac1 Nd8 19. Bxb7 Nxb7 20. Qxc7 Qxc7 21.
Rxc7 Na5 22. b3 Bd8 23. Rd7 Be7 24. d5 Rab8 25. Rc1 Rbc8 26. Rxc8 1-0

[Event "London Classic - FIDE Open"]
[Site "Olympia"]
[Date "2009.12.09"]
[Round "2.48"]
[White "Posylek, Caesar Cezary"]
[Black "Owen, Dennis"]
[Result "0-1"]
[WhiteElo "1708"]
[BlackElo "2055"]
[PlyCount "80"]
[EventDate "2009.??.??"]

1. e4 c6 2. d4 d5 3. e5 Bf5 4. Bd3 Bxd3 5. Qxd3 e6 6. Be3 Nd7 7. c4 dxc4 8.
Qxc4 Ne7 9. Nf3 Nd5 10. Nc3 Nxe3 11. fxe3 Be7 12. O-O O-O 13. Rac1 c5 14. d5
Nb6 15. Qd3 Nxd5 16. Nxd5 Qxd5 17. Qxd5 exd5 18. Rfd1 Rfd8 19. b3 Rd7 20. Kf2
Rad8 21. Ke2 Kf8 22. Rc2 Ke8 23. g3 h6 24. h4 b6 25. Rdd2 Bf8 26. h5 Ke7 27. g4
Ke6 28. Rd3 Be7 29. Rcd2 Rc8 30. Rc2 Bd8 31. a4 Bc7 32. Rcd2 Bxe5 33. Nxe5 Kxe5
34. Kf3 Rc6 35. Rc3 Rf6+ 36. Kg3 Rfd6 37. Kf3 d4 38. exd4+ Rxd4 39. Rxd4 cxd4
40. Rd3 Rc7 0-1

[Event "London Classic - FIDE Open"]
[Site "Olympia"]
[Date "2009.12.09"]
[Round "2.49"]
[White "Cutmore, David A"]
[Black "Shaw, Robin A"]
[Result "1-0"]
[WhiteElo "2054"]
[BlackElo "1822"]
[PlyCount "55"]
[EventDate "2009.??.??"]

1. d4 f5 2. Nc3 Nf6 3. Bg5 d5 4. f3 e6 5. e4 Be7 6. Nh3 O-O 7. exf5 exf5 8. Qd2
c6 9. Bd3 Qb6 10. O-O-O Qxd4 11. Qe2 Qb4 12. a3 Qd6 13. Rde1 Bd8 14. Bf4 Qd7
15. Nd1 b5 16. Ne3 g6 17. Rhg1 Bb6 18. Nf2 Na6 19. Bg5 Nc5 20. g4 fxg4 21. Bxf6
Nxd3+ 22. Qxd3 Rxf6 23. Nfxg4 Rxf3 24. Qd1 Rf4 25. Nh6+ Kg7 26. Qd2 Rf3 27.
Neg4 Bc7 28. Qd4+ 1-0

[Event "London Classic - FIDE Open"]
[Site "Olympia"]
[Date "2009.12.09"]
[Round "2.50"]
[White "Har-Even, Abir"]
[Black "Quinn, Joseph R"]
[Result "1/2-1/2"]
[WhiteElo "2045"]
[BlackElo "1813"]
[PlyCount "89"]
[EventDate "2009.??.??"]

1. e4 e5 2. Nf3 Nc6 3. Bb5 a6 4. Ba4 Nf6 5. O-O Be7 6. Bxc6 dxc6 7. d3 Bg4 8.
h3 h5 9. Be3 Qc8 10. hxg4 hxg4 11. Nxe5 Bd6 12. d4 Bxe5 13. dxe5 Nxe4 14. Qd3
Qf5 15. Rd1 Qh5 16. Kf1 Qh1+ 17. Ke2 Qxg2 18. Qd7+ Kf8 19. Nd2 Nxf2 20. Rg1 Qh2
21. Bxf2 Qxe5+ 22. Kf1 g3 23. Bxg3 Qf6+ 24. Ke2 Re8+ 25. Kd1 Rh5 26. Bxc7 Rd5
27. Qh3 Rxd2+ 28. Kxd2 Qf2+ 29. Kd3 Qe2+ 30. Kc3 Re3+ 31. Qxe3 Qxe3+ 32. Kc4
b5+ 33. Kb4 Qe7+ 34. Ka5 Qxc7+ 35. Kxa6 Qe5 36. c3 Qe2 37. b3 b4+ 38. c4 c5 39.
Kb5 Qe5 40. Rad1 g6 41. Rd5 Qb8+ 42. Kc6 Qa8+ 43. Kd6 Qxa2 44. Rg3 Qf2 45. Rdg5
1/2-1/2

[Event "London Classic - FIDE Open"]
[Site "Olympia"]
[Date "2009.12.09"]
[Round "2.51"]
[White "Rodriguez Fonseca, Jorge"]
[Black "Healeas, Simon"]
[Result "1/2-1/2"]
[WhiteElo "2032"]
[BlackElo "1801"]
[PlyCount "80"]
[EventDate "2009.??.??"]

1. e4 c5 2. Nc3 Nc6 3. f4 g6 4. Nf3 Bg7 5. Bc4 e6 6. f5 d5 7. exd5 exd5 8. Qe2+
Qe7 9. Nxd5 Qxe2+ 10. Bxe2 Nb4 11. Nxb4 cxb4 12. fxg6 hxg6 13. O-O Bf5 14. Bb5+
Kf8 15. d3 Rc8 16. Re1 Be6 17. Ng5 Bd4+ 18. Kh1 Bd5 19. c4 bxc3 20. bxc3 Bxc3
21. Ba3+ Kg7 22. Rac1 Bxe1 23. Rxc8 Rh5 24. Bc1 Ne7 25. Rc7 Nf5 26. Bb2+ Kh6
27. Nxf7+ Bxf7 28. Rxf7 Ng3+ 29. Kg1 Rxb5 30. Bg7+ Kh7 31. hxg3 Bxg3 32. Bd4+
Kg8 33. Rf3 Rb1+ 34. Rf1 Rb4 35. Bxa7 Rb2 36. a3 Rd2 37. d4 Kg7 38. Bc5 Kh6 39.
Bf8+ Kh5 40. Bc5 Kh6 1/2-1/2

[Event "London Classic - FIDE Open"]
[Site "Olympia"]
[Date "2009.12.09"]
[Round "2.52"]
[White "Bratteteig, Tore-Inge"]
[Black "Bennion, David"]
[Result "0-1"]
[WhiteElo "1679"]
[BlackElo "2025"]
[PlyCount "70"]
[EventDate "2009.??.??"]

1. d4 d5 2. c4 e6 3. Nc3 Nf6 4. Nf3 Be7 5. e3 O-O 6. Bd3 Nbd7 7. cxd5 exd5 8.
O-O Re8 9. Qc2 c5 10. dxc5 Nxc5 11. Rd1 Nxd3 12. Qxd3 Qb6 13. b3 Bg4 14. Bb2
Bxf3 15. gxf3 Rad8 16. Ne2 d4 17. Nxd4 Nd5 18. Qf5 Bh4 19. Qg4 Bxf2+ 20. Kxf2
Nxe3 21. Qg3 Nxd1+ 22. Rxd1 Re6 23. Qf4 Rc6 24. Qd2 Rh6 25. Kf1 Qa6+ 26. Kg2
Qg6+ 27. Kh1 Qh5 28. Qe2 Qc5 29. Rc1 Qd5 30. Re1 Qd7 31. Qe7 Rd6 32. Nf5 Rd1
33. Kg2 Rxe1 34. Nh6+ gxh6 35. Qf6 Re2+ 0-1

[Event "London Classic - FIDE Open"]
[Site "Olympia"]
[Date "2009.12.09"]
[Round "2.53"]
[White "Vachtfeidl, Petr"]
[Black "Hamza Mohd Zuhri, Amier"]
[Result "1-0"]
[WhiteElo "2019"]
[BlackElo "1730"]
[PlyCount "55"]
[EventDate "2009.??.??"]

1. e4 e6 2. d4 d5 3. Nc3 dxe4 4. Nxe4 Nd7 5. Nf3 Ngf6 6. Bd3 Be7 7. Qe2 O-O 8.
Bd2 b6 9. Nxf6+ Nxf6 10. O-O-O Bb7 11. c4 Bxf3 12. Qxf3 Re8 13. Bc3 Qc8 14. g4
c5 15. g5 Nd7 16. h4 cxd4 17. Bxd4 Nf8 18. Kb1 Qc7 19. Rhg1 e5 20. Bc3 g6 21.
h5 Nd7 22. Be4 Rac8 23. Bd5 Rf8 24. hxg6 hxg6 25. Qh3 Kg7 26. Qh6+ Kg8 27.
Qxg6+ Kh8 28. Rh1# 1-0

[Event "London Classic - FIDE Open"]
[Site "Olympia"]
[Date "2009.12.09"]
[Round "2.54"]
[White "Andrews, Garth J"]
[Black "Phillips, Owen S"]
[Result "1-0"]
[WhiteElo "1650"]
[BlackElo "2003"]
[PlyCount "95"]
[EventDate "2009.??.??"]

1. d4 g6 2. Nf3 Bg7 3. Bf4 d6 4. e3 Nf6 5. h3 a6 6. Bc4 e6 7. Nbd2 Nbd7 8. O-O
O-O 9. Qe2 d5 10. Bd3 Re8 11. e4 c5 12. c3 c4 13. Bc2 Nf8 14. e5 N6d7 15. Rfe1
b5 16. a3 Bb7 17. Nf1 Qc7 18. Bg3 Qb6 19. Ng5 h6 20. Nf3 Nh7 21. N1h2 Ndf8 22.
Ng4 h5 23. Ne3 Bh6 24. h4 a5 25. Bh2 Bc6 26. g4 Bxe3 27. Qxe3 hxg4 28. Ng5 Qd8
29. Nxh7 Nxh7 30. Qh6 Qe7 31. Kh1 Qf8 32. Qe3 f5 33. exf6 Qxf6 34. Qh6 Ra7 35.
Be5 Qf3+ 36. Kg1 Ree7 37. Bxg6 Qf8 38. Bxh7+ Rxh7 39. Qxe6+ Raf7 40. Qxc6 Rh6
41. Qxd5 Rxh4 42. Bg3 Rh3 43. Re5 Qh6 44. Rae1 Qd2 45. Rg5+ Kh8 46. Re8+ Kh7
47. Qxf7+ Kh6 48. Qg6# 1-0

[Event "London Classic - FIDE Open"]
[Site "Olympia"]
[Date "2009.12.09"]
[Round "2.55"]
[White "Odeh, Kenneth"]
[Black "Sabin, Frank"]
[Result "1-0"]
[WhiteElo "2001"]
[BlackElo "1690"]
[PlyCount "29"]
[EventDate "2009.??.??"]

1. e4 c5 2. Nc3 Nc6 3. g3 e6 4. Bg2 Nge7 5. d3 g6 6. Be3 b6 7. Nge2 d5 8. exd5
exd5 9. Bg5 Qd6 10. Nb5 Qb8 11. Bf4 Ne5 12. c3 Bf5 13. O-O Bxd3 14. Bxe5 Qxe5
15. Qxd3 1-0

[Event "London Classic - FIDE Open"]
[Site "Olympia"]
[Date "2009.12.09"]
[Round "2.56"]
[White "Grieve, Michael"]
[Black "Lie, Terje"]
[Result "0-1"]
[WhiteElo "2000"]
[BlackElo "1666"]
[PlyCount "87"]
[EventDate "2009.??.??"]

1. d4 Nf6 2. c4 e6 3. Nc3 Bb4 4. Qc2 b6 5. e4 d6 6. Bd3 e5 7. d5 O-O 8. Bg5
Nbd7 9. a3 Bxc3+ 10. bxc3 h6 11. Bxf6 Qxf6 12. Qe2 Nc5 13. Bc2 Qg6 14. f3 f5
15. g3 f4 16. g4 h5 17. h3 Kf7 18. Qf1 Bd7 19. a4 a5 20. Ne2 Rh8 21. Nc1 hxg4
22. hxg4 Rh6 23. Nd3 Rah8 24. Rxh6 Qxh6 25. Nxc5 dxc5 26. O-O-O Qh3 27. Qxh3
Rxh3 28. Rf1 Kg6 29. Bd1 Rh2 30. Bc2 Kg5 31. Kb1 Kh4 32. Rg1 g5 33. Bd1 Kh3 34.
Bc2 Rf2 35. Rh1+ Rh2 36. Rxh2+ Kxh2 37. Bd1 Kg2 38. Kc1 Bxa4 39. Bxa4 Kxf3 40.
Kd1 Kxe4 41. Kd2 f3 42. Bc2+ Kf4 43. Ke1 Kxg4 44. Kf2 0-1

[Event "London Classic - FIDE Open"]
[Site "Olympia"]
[Date "2009.12.09"]
[Round "2.57"]
[White "Miotti, David"]
[Black "Phillips, William"]
[Result "0-1"]
[WhiteElo "1380"]
[BlackElo "1998"]
[PlyCount "116"]
[EventDate "2009.??.??"]

1. e4 d6 2. d4 Nf6 3. Nc3 g6 4. Bc4 c6 5. f3 Bg7 6. Be3 Qc7 7. Qd2 h5 8. O-O-O
b5 9. Bb3 a5 10. e5 Nh7 11. Bh6 O-O 12. Bxg7 Kxg7 13. exd6 exd6 14. a4 b4 15.
Ne4 d5 16. Nc5 Nd7 17. Ne2 Nb6 18. Nf4 Nc4 19. Bxc4 dxc4 20. d5 cxd5 21. Qd4+
Kh6 22. Nxd5 Qc6 23. g4 hxg4 24. fxg4 Bxg4 25. Qxg4 Qxc5 26. h4 Rad8 27. h5 g5
28. Qf5 Rd6 29. Qf3 Qc6 30. Qf5 Qc5 31. Rhe1 Rf6 32. Qg4 Rf2 33. Ne3 f5 34.
Qxc4 Qxc4 35. Nxc4 g4 36. Re6+ Rf6 37. Re5 f4 38. Rg1 g3 39. Nd2 Ng5 40. Rxg5
Kxg5 41. Ne4+ Kf5 42. Nxf2 gxf2 43. Rf1 Kg4 44. Rxf2 Kg3 45. Rf1 Kg2 46. Re1 f3
47. Kd2 Rd6+ 48. Kc1 f2 49. Re2 Kg1 50. Rxf2 Kxf2 51. c4 bxc3 52. bxc3 Ke3 53.
Kc2 Rh6 54. Kb3 Rxh5 55. Kc4 Ke4 56. Kb3 Kd3 57. Kb2 Rh4 58. Kb3 Rc4 0-1

[Event "London Classic - FIDE Open"]
[Site "Olympia"]
[Date "2009.12.09"]
[Round "2.59"]
[White "Hayward, Alan"]
[Black "Green, Eliot W"]
[Result "1-0"]
[WhiteElo "1986"]
[BlackElo "1522"]
[PlyCount "101"]
[EventDate "2009.??.??"]

1. f4 d5 2. Nf3 Nc6 3. e3 Bg4 4. Be2 e6 5. O-O Nf6 6. b3 g6 7. Bb2 Bg7 8. h3
Bf5 9. g4 Rg8 10. gxf5 gxf5 11. d4 Ne4 12. Kh2 Qd7 13. Nc3 O-O-O 14. Bb5 a6 15.
Bxc6 Qxc6 16. Nxe4 fxe4 17. Ne5 Bxe5 18. dxe5 Rg7 19. Qe2 Rdg8 20. Rg1 Qe8 21.
Rxg7 Rxg7 22. Rg1 Rg6 23. Rxg6 hxg6 24. a4 b5 25. axb5 Qxb5 26. Qxb5 axb5 27.
Bd4 Kd7 28. Kg3 Ke7 29. Bc5+ Kd7 30. Kh4 Kc6 31. b4 d4 32. Bxd4 Kd5 33. Kg5 Kc4
34. c3 Kd5 35. Kf6 c5 36. Bxc5 Kc4 37. Bd4 Kd3 38. Kxf7 Ke2 39. Kxg6 Kf3 40. f5
exf5 41. Kxf5 Kg3 42. e6 Kxh3 43. e7 Kg3 44. e8=Q Kf3 45. Qh5+ Kf2 46. Qd1 Kg2
47. Be5 Kf2 48. Kf4 Kg2 49. Qe2+ Kg1 50. Kg3 Kh1 51. Qh2# 1-0

[Event "London Classic - FIDE Open"]
[Site "Olympia"]
[Date "2009.12.10"]
[Round "3"]
[White "Hammer, Jon Ludvig"]
[Black "Pcola, Pavol"]
[Result "1-0"]
[WhiteElo "2588"]
[BlackElo "2386"]
[PlyCount "61"]
[EventDate "2009.??.??"]

1. d4 Nf6 2. c4 c5 3. d5 e5 4. Nc3 d6 5. g3 Be7 6. Bg2 O-O 7. e4 Ne8 8. h4 f5
9. exf5 Bxf5 10. Bh3 Bd7 11. Qe2 a6 12. Ne4 h6 13. g4 Bxh4 14. Nf3 b5 15. g5
hxg5 16. Nexg5 Bxg5 17. Nxg5 Qf6 18. Bxd7 Nxd7 19. Rh8+ Kxh8 20. Qh5+ Qh6 21.
Nf7+ Rxf7 22. Bxh6 Kg8 23. Be3 bxc4 24. O-O-O Nef6 25. Qh3 Re7 26. Bg5 Ree8 27.
Qh4 e4 28. Rg1 Kf7 29. Qg3 Nxd5 30. Qxd6 N7b6 31. Be3 1-0

[Event "London Classic - FIDE Open"]
[Site "Olympia"]
[Date "2009.12.10"]
[Round "3"]
[White "Williams, Simon K"]
[Black "Hennigan, Michael T"]
[Result "1/2-1/2"]
[WhiteElo "2550"]
[BlackElo "2385"]
[PlyCount "58"]
[EventDate "2009.??.??"]

1. d4 Nf6 2. c4 g6 3. Nc3 Bg7 4. e4 d6 5. f4 O-O 6. Nf3 Na6 7. e5 Nd7 8. Be2 c5
9. exd6 exd6 10. O-O cxd4 11. Nxd4 Qb6 12. Be3 Qxb2 13. Ncb5 Qb4 14. Rb1 Qa5
15. Nxd6 Nac5 16. Nb3 Nxb3 17. axb3 Qb4 18. Nxc8 Rfxc8 19. Qxd7 Re8 20. Rf3
Rxe3 21. Rxe3 Qc5 22. Qe7 Bd4 23. Kf1 Bxe3 24. Qxc5 Bxc5 25. Bf3 Rb8 26. b4 Bd6
27. g3 b6 28. b5 Re8 29. Rd1 Bc5 1/2-1/2

[Event "London Classic - FIDE Open"]
[Site "Olympia"]
[Date "2009.12.10"]
[Round "3"]
[White "Lagerman, Robert"]
[Black "Hebden, Mark L"]
[Result "0-1"]
[WhiteElo "2358"]
[BlackElo "2522"]
[PlyCount "145"]
[EventDate "2009.??.??"]

1. e4 e5 2. Nf3 Nc6 3. Bb5 a6 4. Bxc6 dxc6 5. O-O Bd6 6. d4 exd4 7. Qxd4 f6 8.
b3 Qe7 9. Nbd2 Bd7 10. Nc4 Bc5 11. Qd3 O-O-O 12. Be3 Nh6 13. Bxc5 Qxc5 14. Qe3
Qxe3 15. Nxe3 Rhe8 16. e5 fxe5 17. Ng5 Bf5 18. Rad1 Bg6 19. Rxd8+ Rxd8 20. g4
Nf7 21. Ne6 Rg8 22. f4 exf4 23. Nxf4 Be4 24. Ne6 Nd6 25. c4 Bd3 26. Rf3 Bg6 27.
c5 Ne4 28. Nf5 Kd7 29. Nfxg7 Ke7 30. Re3 Kf6 31. h4 h6 32. h5 Bh7 33. Rf3+ Ke5
34. Rf7 Nf6 35. Rxc7 Nxg4 36. Rxb7 Be4 37. Rd7 Bd5 38. Nc7 Nf6 39. Re7+ Kd4 40.
Nxd5 cxd5 41. Kf1 Kxc5 42. Re6 Rf8 43. Ke1 a5 44. Ra6 Kb5 45. Rd6 Kb4 46. Nf5
Ka3 47. Ra6 Kxa2 48. b4 a4 49. Rxa4+ Kb3 50. Ra6 Kxb4 51. Nxh6 Nxh5 52. Rc6 Ng3
53. Ng4 Rf1+ 54. Kd2 Rf4 55. Ne3 Rd4+ 56. Ke1 Re4 57. Kf2 d4 58. Nc2+ Kb5 59.
Rc8 Ne2 60. Kf3 Re7 61. Ne1 Nc3 62. Nc2 Rf7+ 63. Kg2 Ne2 64. Ne1 Nf4+ 65. Kf3
d3 66. Ke3 Re7+ 67. Kd2 Re2+ 68. Kd1 Rf2 69. Rc3 Nd5 70. Rxd3 Kc4 71. Rh3 Nc3+
72. Kc1 Kb3 73. Rf3 {time} 0-1

[Event "London Classic - FIDE Open"]
[Site "Olympia"]
[Date "2009.12.10"]
[Round "3"]
[White "Wells, Peter K"]
[Black "Rendle, Thomas E"]
[Result "1/2-1/2"]
[WhiteElo "2489"]
[BlackElo "2382"]
[PlyCount "30"]
[EventDate "2009.??.??"]

1. d4 f5 2. g3 Nf6 3. Bg2 g6 4. Nf3 Bg7 5. O-O O-O 6. c4 d6 7. Nc3 Nc6 8. d5
Na5 9. Qa4 c5 10. dxc6 Nxc6 11. Rd1 Qb6 12. Nd5 Nxd5 13. cxd5 Qb4 14. Qxb4 Nxb4
15. Bg5 Re8 1/2-1/2

[Event "London Classic - FIDE Open"]
[Site "Olympia"]
[Date "2009.12.10"]
[Round "3"]
[White "McDonald, Neil"]
[Black "Rudd, Jack"]
[Result "1-0"]
[WhiteElo "2412"]
[BlackElo "2296"]
[PlyCount "59"]
[EventDate "2009.??.??"]

1. e4 d6 2. d4 g6 3. Nc3 Bg7 4. Be3 a6 5. a4 b6 6. Nf3 Bb7 7. Bd3 e6 8. O-O Nd7
9. Qd2 h6 10. d5 e5 11. a5 b5 12. Ne2 Ne7 13. Ng3 c5 14. dxc6 Nxc6 15. Rfd1 Qc7
16. Bf1 Bf8 17. b4 h5 18. c4 h4 19. cxb5 hxg3 20. bxc6 Bxc6 21. Rdc1 Qb7 22.
fxg3 Bxe4 23. Ng5 Bc6 24. Qf2 f5 25. Ne6 Ke7 26. Rxc6 Qxc6 27. Rc1 Qb7 28. Nc7
Bg7 29. Qa2 Qe4 30. Bg5+ 1-0

[Event "London Classic - FIDE Open"]
[Site "Olympia"]
[Date "2009.12.10"]
[Round "3"]
[White "Crawley, Gavin"]
[Black "Britton, Richard L"]
[Result "1-0"]
[WhiteElo "2407"]
[BlackElo "2254"]
[PlyCount "55"]
[EventDate "2009.??.??"]

1. e4 c5 2. Nf3 d6 3. d4 cxd4 4. Nxd4 Nf6 5. Nc3 a6 6. Bg5 e6 7. Qe2 Nbd7 8. f4
Qc7 9. O-O-O b5 10. g4 Bb7 11. Bg2 O-O-O 12. e5 h6 13. Ndxb5 axb5 14. Nxb5 Qc5
15. Bxf6 gxf6 16. Bxb7+ Kxb7 17. exd6 Qc6 18. Rhe1 Nb6 19. Nd4 Qc4 20. Qf3+ Qd5
21. Re4 Rxd6 22. Rd3 h5 23. Nb3 hxg4 24. Qg2 f5 25. Rxd5 Rxd5 26. Rd4 Bd6 27.
c4 Rc8 28. Kb1 1-0

[Event "London Classic - FIDE Open"]
[Site "Olympia"]
[Date "2009.12.10"]
[Round "3"]
[White "Roberson, Peter T"]
[Black "Gullaksen, Eirik"]
[Result "0-1"]
[WhiteElo "2236"]
[BlackElo "2400"]
[PlyCount "60"]
[EventDate "2009.??.??"]

1. e4 c5 2. Nc3 Nc6 3. f4 g6 4. Nf3 Bg7 5. a3 e6 6. b4 d6 7. bxc5 dxc5 8. e5 b6
9. Ne4 Bf8 10. Bb2 Be7 11. Bc4 Nh6 12. O-O Nf5 13. Qe1 Ncd4 14. Nxd4 Nxd4 15.
Rc1 Bb7 16. c3 Nc6 17. Rf3 Qc7 18. d4 O-O-O 19. dxc5 Na5 20. Ba2 Bxc5+ 21. Kh1
Qc6 22. Nxc5 Qxc5 23. Rf2 Nc4 24. Bxc4 Qxc4 25. Qe2 Rd3 26. Rff1 Rhd8 27. Rcd1
Bxg2+ 28. Qxg2 Rxd1 29. Qa8+ Kc7 30. Qxa7+ Kc6 0-1

[Event "London Classic - FIDE Open"]
[Site "Olympia"]
[Date "2009.12.10"]
[Round "3"]
[White "Houska, Jovanka"]
[Black "Maduekwe, Chiedu"]
[Result "1/2-1/2"]
[WhiteElo "2391"]
[BlackElo "2182"]
[PlyCount "67"]
[EventDate "2009.??.??"]

1. d4 d5 2. Nf3 Nf6 3. c4 c6 4. e3 a6 5. Bd3 b5 6. b3 Bg4 7. Nbd2 e6 8. O-O Be7
9. Bb2 O-O 10. Qc2 Bh5 11. Ne5 Bg6 12. Nxg6 hxg6 13. e4 bxc4 14. bxc4 dxe4 15.
Nxe4 Nbd7 16. Rfd1 Qc7 17. Rab1 c5 18. d5 exd5 19. Nxf6+ Nxf6 20. cxd5 Rfd8 21.
Bc4 Ne8 22. Qxg6 fxg6 23. d6+ Kf8 24. dxc7 Nxc7 25. Be5 Nb5 26. Bd5 Ra7 27. Be4
g5 28. Rxd8+ Bxd8 29. Rd1 Bf6 30. Bb8 Re7 31. Bg6 Bd4 32. Rb1 () {=} 32... Nc3
33. Bd6 Nxb1 34. Bxb1 1/2-1/2